Every Formula One Oscar Piastri Podium - Statistics

General Stats
  • This quiz has been taken 54 times
    12 since last reset
  • The average score is 22 of 24
Answer Stats
Year Grand Prix/Country Position % Correct
2025 British Grand Prix 2
100%
2024 Monaco Grand Prix 2
100%
2025 Monaco Grand Prix 3
100%
2023 Qatar Grand Prix 2
100%
2024 Qatar Grand Prix 3
100%
2024 Azerbaijan Grand Prix 1
90%
2025 Bahrain Grand Prix 1
90%
2024 Belgian Grand Prix 2
90%
2025 Belgian Grand Prix 1
90%
2025 Chinese Grand Prix 1
90%
2025 Dutch Grand Prix 1
90%
2024 Hungarian Grand Prix 1
90%
2025 Hungarian Grand Prix 2
90%
2024 Italian Grand Prix 2
90%
2025 Italian Grand Prix 3
90%
2023 Japanese Grand Prix 3
90%
2025 Japanese Grand Prix 3
90%
2025 Miami Grand Prix 1
90%
2025 Saudi Arabian Grand Prix 1
90%
2024 Singapore Grand Prix 3
90%
2025 Spanish Grand Prix 1
90%
2024 Austrian Grand Prix 2
80%
2025 Austrian Grand Prix 2
80%
2025 Emilia-Romagna Grand Prix 3
80%
No matching quizzes found
Score Distribution
Percent of People with Each Score
Percentile by Number Answered
Your Score History
You have not taken this quiz since the last reset